Algebra IV : infinite groups, linear groups /

Guardado en:
Otros Autores: Kostrikin, A. I. (Editor ), Shafarevich, I. R. 1923- (Editor )
Formato: Libro
Idioma:English
Russian
Publicado: Berlin : Springer-Verlag, c1993.
Series:Encyclopaedia of mathematical sciences ; v. 37
Acceso en línea:Google Book Search
Etiquetas: Agregar Etiqueta
Sin Etiquetas, Sea el primero en etiquetar este registro!
LEADER 01109nam a22002655a 4500
001 MAT.inmabb004206
008 070218s1993####gw#######b####001#0#eng#d
005 20170508122028.0
245 1 0 |a Algebra IV :  |b infinite groups, linear groups /  |c A. I. Kostrikin, I. R. Shafarevich (eds.). 
260 |a Berlin :  |b Springer-Verlag,  |c c1993. 
300 |a 203 p. ;  |c 24 cm. 
440 0 |a Encyclopaedia of mathematical sciences ;  |v v. 37 
500 |a Traducido de la edición rusa (Moscú : VINITI, 1989) por J. Wiegold. 
504 |a Incluye referencias bibliográficas e índices. 
505 0 |a 1. Infinite groups / A. Yu. Ol'shanskij, A. L. Shmel'kin -- 2. Linear groups / A. E. Zalesskij. 
510 4 |a MR,  |c 95b:20001 
020 |a 3540533729 
020 |a 0387533729 
700 1 |a Kostrikin, A. I.  |q (Aleksei Ivanovich)  |4 edt 
700 1 |a Shafarevich, I. R.  |q (Igor Rostislavovich),  |d 1923-  |4 edt 
246 3 |a Algebra 4 
084 |a 20-00 (20-02 20Fxx 11E57 20Gxx)  |2 MR 
041 1 |a eng  |h rus 
856 4 1 |u http://books.google.com/books?vid=ISBN0387533729  |y Google Book Search 
859 |h 20  |i Al394i  |p A-6755  |b BIB. MATEMATICA